Brand choice prediction and buying behaviour
Skúmanie vzťahu medzi hodnotou značky a spotrebiteľským správaním vo všeobecnosti. Atribúty značky v úlohe motivátorov k nákupu a ich vplyv na rozhodnutie spotrebiteľa. Vnímanie a výber značky spotrebiteľmi. Nový koncept hodnoty značky so zameraním na tri zložky. Ilustratívne príklady.
Salvato in:
| Autore principale: | |
|---|---|
| Natura: | Capitolo di libro |
| Lingua: | inglese |
| Soggetti: | |
| Tags: |
Nessun Tag, puoi essere il primo ad aggiungerne!!
|
MARC
| LEADER | 00000nla$a2200000$$$4500 | ||
|---|---|---|---|
| 001 | 0127937 | ||
| 005 | 20240502083322.0 | ||
| 041 | 0 | |a eng | |
| 044 | |a CZ | ||
| 245 | 1 | 0 | |a Brand choice prediction and buying behaviour |c Dagmar Lesáková |
| 520 | |a Skúmanie vzťahu medzi hodnotou značky a spotrebiteľským správaním vo všeobecnosti. Atribúty značky v úlohe motivátorov k nákupu a ich vplyv na rozhodnutie spotrebiteľa. Vnímanie a výber značky spotrebiteľmi. Nový koncept hodnoty značky so zameraním na tri zložky. Ilustratívne príklady. | ||
| 610 | 2 | 0 | |a značky výrobkov |
| 610 | 2 | 0 | |a spotrebitelia |
| 610 | 2 | 0 | |a správanie spotrebiteľa |
| 610 | 2 | 0 | |a rozhodovanie |
| 100 | 1 | |a Lesáková, Dagmar, 1949- | |